=LDR 00000nam 2200000 4500 =001 INLIS000000000025852 =005 20200826092534 =035 ##$$a 0010-061300000025852 =008 200826################g##########0#ind## =041 ##$$a Ind =082 ##$$a 2X4.156 =090 ##$$a 2X4.156, Rab j =100 ##$$a Raba, Manggaukang =245 1#$$a Jejak-jejak makkah /$c H. Manggaukang Raba, Ahyar anshory =260 ##$$a Mataram :$b Pustaka puan ponro,$c 2002 =300 ##$$a iv, 82 hlm ; $c 14 x 19,5 cm. =650 #4$$a Makkah - Jejak-jejak =850 ##$$a NBPNMAT =084 ##$$a 2X4.156 RAB j =250 ##$$a Cet. 1 =700 #$$a Ahyar anshory =504 ##$$a Bibliografi : hlm. 77 - 78 =520 ##$$a Biografi : hlm. 79 - 60 =990 ##$$a 168.378/Hd-2002 =990 ##$$a 168.416/Hd- 2002